| 000 | 00726ctm a22002175a 4500 | ||
|---|---|---|---|
| 001 | L129467 | ||
| 008 | 050420s1838 xxk 000 0 eng u | ||
| 035 | _a(Sirsi) u129467 | ||
| 041 | _aeng | ||
| 100 | 1 | _aOverman, T. W. | |
| 245 | 0 | 0 |
_aValuation of the parish of Shitlington in the county of Bedford for the new assessment _h[manuscript] |
| 260 | _c1838 | ||
| 300 |
_a1 v. _c33cm. |
||
| 520 | _aSets out the rateable value of properties in Shitlington. Includes details of occupiers, owners and the type of property held. | ||
| 583 |
_aCondition reviewed _c20120620 _lcondition level 2 |
||
| 651 | 4 | _aBedfordshire | |
| 690 |
_aValuation _96273 |
||
| 700 | 1 | _aBennett, Samuel | |
| 700 | 1 | _aEve, Richard | |
| 942 | _n0 | ||
| 999 |
_c104202 _d104202 |
||